00532nam a22001937a 4500003000500000020001900005038001200024082001800036100002800054245003700082250001200119260003300131300002100164500001500185563000700200942001200207999001700219952010200236NUST a 9789332549906 akhadija a621.3815bSHA aShames, Irving H.93078 aIntroduction to Solid Mechanics  a3rd ed. aNew Delhi :bPearson,c2015. a769 p. ;b24 cm. aPaperback. aPB cBK2ddc c34053d34053 00102ddc4070aSMMEbSMMEcGENd2016-05-25o621.3815 SHApSMME-3225r2018-03-30w2016-05-25yBK